Lịch sử thế giới cổ đại

সংরক্ষণ করুন:
গ্রন্থ-পঞ্জীর বিবরন
প্রধান লেখক: Lương, Ninh
বিন্যাস: গ্রন্থ
ভাষা:Undetermined
প্রকাশিত: Hà Nội Giáo dục 2004
বিষয়গুলি:
ট্যাগগুলো: ট্যাগ যুক্ত করুন
কোনো ট্যাগ নেই, প্রথমজন হিসাবে ট্যাগ করুন!
Thư viện lưu trữ: Trung tâm Học liệu Trường Đại học Cần Thơ
LEADER 00519nam a2200193Ia 4500
001 CTU_64235
008 210402s9999 xx 000 0 und d
020 |b 18500 
082 |a 930 
082 |b N312 
100 |a Lương, Ninh 
245 0 |a Lịch sử thế giới cổ đại 
245 0 |c Lương Ninh 
260 |a Hà Nội 
260 |b Giáo dục 
260 |c 2004 
650 |a History, ancient,World history 
910 |a Năm 
980 |a Trung tâm Học liệu Trường Đại học Cần Thơ